General knowledge about Finland - Select all - Statistics

General Stats
  • This quiz has been taken 23 times
  • The average score is 31 of 45
Answer Stats
Question Tile Select % Correct
Things that everyone can do in Finland without specific permission Walking in forest Yes
95%
Things that everyone can do in Finland without specific permission Buying a gun as an adult No
90%
Finnish presidents Kimi Räikkönen No
90%
Finnish presidents Artturi Virtanen No
86%
Things that everyone can do in Finland without specific permission Hunting No
86%
Things that everyone can do in Finland without specific permission Picking mushrooms Yes
86%
Finnish videogames Fortnite No
81%
Finnish videogames GTA No
81%
Finnish words Kakku Yes
81%
Finnish words Oranssi Yes
81%
Finnish inventions Salmiakki Yes
81%
Finnish words Sukka Yes
81%
Finnish videogames Angry birds Yes
76%
Finnish words Mask No
76%
Finnish videogames Subway Surfers No
76%
Finnish presidents Urho Kekkonen Yes
76%
Finnish words Banan No
71%
Finnish videogames Candy crush No
71%
Finnish videogames CS: GO No
71%
Finnish words Grön No
71%
Finnish words Koura Yes
71%
Finnish presidents Pekka Haavisto No
71%
Finnish presidents Risto Ryti Yes
71%
Finnish presidents Sanna Marin No
71%
Finnish words Sarvi Yes
71%
Finnish presidents Sauli Niinistö Yes
71%
Finnish presidents Tarja Halonen Yes
71%
Finnish presidents Carl Gustaf Emil Mannerheim Yes
67%
Things that everyone can do in Finland without specific permission Fishing with a fishingrod Yes
67%
Things that everyone can do in Finland without specific permission Getting drivers licence for car at 17 No
67%
Finnish inventions Linux Yes
67%
Finnish videogames Minecraft No
67%
Things that everyone can do in Finland without specific permission Buying alcohol at 18 Yes
62%
Finnish videogames Clash of clans Yes
62%
Finnish words Kynki No
62%
Finnish inventions SMS-message Yes
62%
Finnish inventions Xylitol as a dental care product Yes
62%
Finnish inventions Fiskars-scissors Yes
57%
Finnish videogames Hill Climb Racing Yes
57%
Finnish inventions Heart rate monitor Yes
48%
Things that everyone can do in Finland without specific permission Making a fire in forest No
48%
Finnish inventions Abloy-lock Yes
38%
Finnish inventions First internet browser Yes
33%
Finnish inventions AIV-Feed Yes
24%
Things that everyone can do in Finland without specific permission Picking rocks No
14%
No matching quizzes found
Score Distribution
Percent of People with Each Score
Percentile by Number Answered
Your Score History
You have not taken this quiz